Responses for show #7877 - Tuesday, December 4, 2018

Contestants

Tiffany Brooks, a writer from Norman, Oklahoma

Alexander Schwab, an attorney from Los Angeles, California

Dave Leffler, a retired police officer from Pittsburgh, Pennsylvania (whose 1-day cash winnings total $33,801)

Jeopardy! Round responses

IT'S BEGINNING TO LOOK A LOT LIKE CHRISTMAS
EVERYWHERE YOU GO
BE SAFE!
BLANK NEWS
BIOGRAPHIES
CROSSWORD CLUES "G"
    $200 17
coffee

Dave
    $200 24
(Dave: What is morning?)
...
(Alex: With George Stephanopoulos.)

This Week

Dave
Triple Stumper
    $200 26
Luther

Alexander
    $200 27
a geisha

Dave
    $400 18
a quail

Alexander
    $400 15
Louisville

Alexander
    $400 8
London

Alexander
    $400 23
BBC

Dave
    $400 25
(Alex: Less than a minute now.)

Shoeless Joe Jackson

Tiffany
    $400 1
a griffin

Alexander
    $600 19
a mule (deer)

Alexander
    $600 16
Tahiti

Tiffany
    $600 9
the Department of Agriculture

Dave
    $600 12
Early Start

Triple Stumper
    $600 3
(Alexander: What is Tombstone?)

Dodge City

DaveAlexander
    $600 5
(Alexander: What is a gullet?)

the giblets

DaveAlexander
    $800 20
(Tiffany: What is a white Russian?)

a brandy Alexander

DaveTiffany
    $800 28
[The end-of-round signal sounds.]

Lagos

Alexander
    $800 10
bicycles

Dave
    $800 13
& friends

Dave
    $800 2
Henry Fonda and Jimmy Stewart

Triple Stumper
    $800 6
(Tiffany: Uh...)

gad

DaveTiffany
    $1000 21
coral

Dave
    $1000 22
(Alexander: What is CuraƧao?)

Aruba

Alexander
Triple Stumper
    $1000 11
hypothermia

Dave
    $1000 14
(Tiffany: What is Power Hour?)
(Alexander: What is Power Half-Hour?)

Power Lunch

AlexanderTiffany
Triple Stumper
    $1,000 4
(Alex: Little House on the Prairie.)

(Laura Ingalls) Wilder

Dave
    $1000 7
(Alexander: What are gyoza?)

gnocchi

DaveAlexander

Scores at the first commercial break (after clue 15):

Dave Alexander Tiffany
$7,200 -$2,000 -$1,800

Scores at the end of the Jeopardy! Round:

Dave Alexander Tiffany
$9,600 -$1,000 -$1,600

Double Jeopardy! Round responses

TECHNOLOGY: OLD & NEW
SONGWRITING TEAMS
FLAVORS
20th CENTURY LEADERS
FEMALE PLAYWRIGHTS
RED ALL OVER
    $400 15
the tube

Alexander
    $400 1
sharp

Alexander
    $400 7
Spain

Alexander
    $400 10
soccer

Alexander
    $800 14
the sky

Alexander
    $800 28
[The end-of-round signal sounds.]

Janet Jackson

Tiffany
    $800 21
tart

Dave
    $800 6
Hirohito

Alexander
    $800 9
(Dave: What is Alzheimer's?)
(Tiffany: What is breast cancer?)

ovarian cancer

DaveTiffany
Triple Stumper
    $800 22
a red herring

Dave
    $1200 5
a modem

Alexander
    $1200 27
Bruno Mars

Triple Stumper
    $1200 8
sweet

Tiffany
    $2,000 2
(John) Major

Alexander
    $1200 17
(Dave: What is Louisiana?)

Mississippi

DaveTiffany
    $1200 23
(Alex: Less than a minute now.)

The Red Dragon

Triple Stumper
    $1600 12
(Alexander: What is Explorer?)

Bluetooth

Alexander
Triple Stumper
    $1600 26
Bernie Taupin

Tiffany
    $2,000 11
bitters

Alexander
    $1600 3
Yeltsin

Dave
    $1600 18
Cotton and Increase Mather

Dave
    $1600 24
a garnet

Alexander
    $2000 13
to shift gears

Dave
    $2000 25
(Tiffany: Who is Lady Gaga?)

Kesha

Tiffany
Triple Stumper
    $2000 20
soured

Dave
    $2000 4
Tito

Dave
    $2000 19
The Heidi Chronicles

Triple Stumper
    $2000 16
vermilion

Tiffany

Scores at the end of the Double Jeopardy! Round:

Dave Alexander Tiffany
$18,400 $7,400 $2,400
(lock game)

[wagering suggestions for these scores]

Final Jeopardy! Round responses

THE NFL
TiffanyWho are the Browns?
$2,400
AlexanderWho are the Buccaneers
$1,500
DaveWho are the Buccaneers?
$1,400
the Tampa Bay Buccaneers

Final scores:

Dave Alexander Tiffany
$19,800 $8,900 $0
2-day champion: $53,601 2nd place: $2,000 3rd place: $1,000

Game dynamics:

Coryat scores:

Dave Alexander Tiffany
$18,400 $6,200 $2,400
21 R
(including 1 DD),
3 W
17 R
(including 2 DDs),
6 W
7 R,
5 W

Combined Coryat: $27,000

The J! Archive is created by fans, for fans. The Jeopardy! game show and all elements thereof, including but not limited to copyright and trademark thereto, are the property of Jeopardy Productions, Inc. and are protected under law. This website is not affiliated with, sponsored by, or operated by Jeopardy Productions, Inc. Join the discussion at JBoard.tv.